000 01440 a2200217 4500
001 58028
005 20260407155840.0
008 260407a1964 arg spa d
003 AR-UNSa-BCEJYS
040 _aAR-UNSa-BCEJYS
_bspa
_cAR-UNSa-BCEJYS
080 _a347.249(094.4)
_xCódigo de Minería
245 1 0 _aCódigo de minería
_pLegislación de Hidrocarburos
264 1 _aBuenos Aires :
_bAbeledo Perrot
_c1964
300 _a450 p.
_c23 cm.
505 _a1. De las minas y su dominio - 2. De las personas que pueden adquirir minas - 3. De las relaciones entre el propietario y el minero - 4. Disposiciones especiales sobre las sustancias de la segunda categoría - 5. Disposiciones concernientes a las sustancias de la tercera categoría - 6. De la adquisición de las minas - 7. De las pertenencias y su demarcación - 8. De los efectos de la constitución de las pertenencias - 9. De las condiciones de la concesión - 10. De los avíos de minas - 11. De las minas en compañia - 12. De la sociedad conyugal - 13. De la enajenación y venta de las minas - 14. De la prescripción de las minas - 15. Del arrendamiento de las minas - 16. Del derecho de usufructo - 17. Del régimen legal de las minas de petróleo e hidrocarburos fluidos - 18. Disposiciones transitorias
041 _aspa
942 _cBK
590 _aniveau_biblio:m niveau_hierar:0
100 1 _aPigretti, Eduardo A.
700 1 _aArgentina [Código de Minería]
999 _c6396
_d6396